000 00796nam a22002057a 4500
003 OSt
005 20150408114105.0
008 121226t xxu||||| |||| 00| 0 eng d
040 _aجامعة المجمعة
082 _a005.133 خ خ ت
100 _aخليل، خالد سعيد.
_918594
245 _aتعلم لغة النمذجة الموحدة 2.0 /
_cخالد سعيد خليل.
250 _aط. 1.
260 _aالاحساء، السعودية :
_bجامعة الملك فيصل- مركز الترجمة والتاليف والنشر،
_c2011
300 _a447 ص. :
_bإيض. ؛
_c24 سم.
500 _aيشتمل علي مصطلحات.
504 _aقائمة ببليوجرافية.
650 _aالحاسبات الإلكترونية
_xلغات.
_93272
942 _2ddc
_cDVD
999 _c26512
_d261012